| 000 | 00444nam a2200157 a 4500 | ||
|---|---|---|---|
| 005 | 20140319083555.0 | ||
| 008 | 140318b1995 ||||| |||| 00| 0 spa d | ||
| 041 | _aspa | ||
| 090 |
_aLB _b04574 |
||
| 100 |
_aRoque, Roldán O. _922731 |
||
| 245 |
_aConvenios de la OIT sobre indígenas en Colombia _bexperiencias y perspectivas de su aplicación |
||
| 260 |
_as.l. _bs.n. _c1995? |
||
| 300 | _a43 p. | ||
| 942 |
_cImpreso _2z |
||
| 945 | _d2006-02-07 | ||
| 999 |
_c5214 _d5214 |
||